Регионална библиотека "Любен Каравелов" - Русе

Попарт (Запис номер 69233)

MARC детайли
000 -Лидер
Контролно поле с фиксирана дължина 01909nam a2200433 c 4500
003 - Код на организацията, давaща контролен номер
Контролно поле BLK
005 - Дата и час на последна редакция
Контролно поле 20240221082859.0
008 - Елементи от данни с фиксирана дължина
fixed length control field 180408b bul|||||r ||||||| ||bul||
010 ## - Наследен системен номер
LC control number KNG00073575000
020 ## - Международен стандартен номер на книга ISBN
Международен стандартен номер на книга ISBN 954-9817-26-1
-- издат.: Алианс-97
040 ## - Източник на каталожния запис
Идентификатор на билиотеката - собственик на записа BLK
041 ## - Код за език
Код за езика на текст/звукозапис или на отделно заглавие Български
Код за езика КДБФ Български
080 ## - УДК
Текстов определител УДК Изобразителни изкуства и художествени занаяти
УДК код - определител по УДК 73/76
УДК определител .036/.038
УДК - код + определител 73/76.036/.038
080 ## - УДК
Текстов определител УДК Изобразителни изкуства и художествени занаяти
УДК код - определител по УДК 73/76
УДК определител .071.1(092)
УДК - код + определител 73/76.071.1(092)
080 ## - УДК
Текстов определител УДК Биографии
УДК код - определител по УДК 929
УДК определител
УДК - код + определител 929
100 1# - Редна дума - Автор
Автор Хонеф, Клаус
Авторска отговорност първи автор
R(LIN) 137482
139 ## - Редно поле
Редна дума Хонеф, Клаус
Авторски знак Хом - Х 64
245 10 - Сведения за заглавието
Заглавие Попарт
Редно поле (дума) Клаус Хонеф; ред. Ута Грьозеник; прев. от нем. Кристин Миркова Разсолкова.
257 ## - Страна на издаване
Страна на създаване/издаване Германия
260 ## - Област на издателските данни
-- София
Име на издателя, разпространителя и проч. Алианс-97
Година на издаване 2005
300 ## - Физическа характеристика
Страници 96 с.
Илюстрации и др. с цв. ил.
Размери/Мащаб 23 см
380 ## - Жанр
Жанр Изкуство
500 ## - Общи забележки
Забележка Без сведение за ориг. загл. - В библиогр. каре отбелязана Ута Гросеник. - Офс. изд.
650 #4 - Допълнително описание по предмет – тема
Основно описание – тема или топоним Попарт
9 (RLIN) 167147
650 #4 - Допълнително описание по предмет – тема
Основно описание – тема или топоним Художници - биографии
9 (RLIN) 269538
653 ## - Ключова дума – ненормативна
Ключова дума попарт
653 ## - Ключова дума – ненормативна
Ключова дума художници
653 ## - Ключова дума – ненормативна
Ключова дума постмодернизъм
653 ## - Ключова дума – ненормативна
Ключова дума изобразително изкуство
653 ## - Ключова дума – ненормативна
Ключова дума биографии
700 1# - Други автори (авторска отговорност)
Лично име Грьозеник, Ута
Автороска отговорност (Описва отношението между автора и произведението) ред.
9 (RLIN) 56917
700 1# - Други автори (авторска отговорност)
Лично име Разсолкова, Кристин Миркова
Автороска отговорност (Описва отношението между автора и произведението) прев. от нем.
9 (RLIN) 114510
852 ## - Местоположение
Форматна сигнатура Цб 232822
856 4# - Електронен адрес и достъп
Електронен формат pdf - файл
Път до файла /url/
856 4# - Електронен адрес и достъп
Електронен формат pdf - файл
Път до файла /url/
942 ## - АРТИКУЛИ
Вид на библиотечния материал Книги
Скрит в OPAC Не
Koha issues (borrowed), all copies 15
944 ## - СЪЗДАВАНЕ И РЕДАКЦИЯ на ЗАПИСА
Създаване/Редакция Създаване
Дата на регистрацията/редакция 30.03.2007
Статус, дата на статуса Ренета Константинова
Служител, извършил регистрацията/редакцията 30546
944 ## - СЪЗДАВАНЕ И РЕДАКЦИЯ на ЗАПИСА
Създаване/Редакция Редакция
Дата на регистрацията/редакция 23.11.2016
Статус, дата на статуса ф /
Служител, извършил регистрацията/редакцията Людмила_Стоянова
999 ## - СИСТЕМНИ КОНТРОЛНИ НОМЕРА
Koha biblionumber 69233
Koha biblioitemnumber 69233
Наличности
Код за отписване Код за изгубен артикул Източник на класификационната схема Код за повреда Коз за рестрикции Код за отдаване Артикулен № Име на библиотеката - собственик Име на библиотеката, в която се намира в момента Статус (Текущо местоположение) Дата на вписване в системата Местоположение - отдел Цена в лева Инвентарен номер Систематично азбучна сигнатура Баркод Номер на екземпляра Цена в евро Служебна бележка Служебен тип на артикула
  Не е изгубен Universal Decimal Classification Не е повреден само за читалня ползва се в читалня 113570 Регионална библиотека "Любен Каравелов" Русе Регионална библиотека "Любен Каравелов" Русе Хранилище 2007-04-02 Хранилище 16.00 120000711930 Цб 232822 120000711930 1 8.18 Дост: Dp Вид: Д N: 35 Дата: 02.08.2006 Книги
  Не е изгубен Universal Decimal Classification Не е повреден без рестрикции заемане за дома 113571 Регионална библиотека "Любен Каравелов" Русе Регионална библиотека "Любен Каравелов" Русе Отдел Изкуство - подръчен фонд 2007-05-23 Отдел Изкуство - подръчен фонд 16.00 120000713828 73/76/Х 64 120000713828 2 8.18 Дост: Pk Вид: Ф N: 4377 Дата: 08.05.2007 Дата инв: 12.02.2015 Бележки инв: ИП2015 Книги
  Не е изгубен Universal Decimal Classification Не е повреден без рестрикции заемане за дома 113572 Регионална библиотека "Любен Каравелов" Русе Регионална библиотека "Любен Каравелов" Русе Отдел Изкуство - подръчен фонд 2016-03-18 Отдел Изкуство - подръчен фонд 16.00 120000799046 73/76/Х 64 120000799046 3 8.18 Дост: DA Вид: А N: 10 Дата: 18.03.2016 Книги
Vip Innovations Ltd, Rousse, Bulgaria 2025